000 00870nam0a22002291 4500
001 rc\2688892
005 20260407221043.0
035 _a(NLR Aleph) 006817191
090 _a6405232
_c6405233
100 _a20110915d1933 |||y0rusy50 ca
101 0 _arus
102 _aRU
105 _ay z |||||
200 1 _aКо всем рабочим, служащим и ИТР комбината "За индустриализацию"
_e[К месячнику сбора рабочих предложений в фонд 2 пятилетки]
210 _a[Москва]
_cтип. "ЗИ"
_d[1933]
215 _a[3] с.
_d24х15 см.
710 0 2 _a"За индустриализацию", издательство
_cМосква
_9790020
_3RU\NLR\AUTH\8810147773
801 0 _aRU
_bNLR
_gpsbo
801 1 _aRU
_bELAR
_2rusmarc
852 _aNLR
_j33-11/1682
942 _cBOOK
980 _aNB